| 000 | 00491nam a22001937a 4500 | ||
|---|---|---|---|
| 003 | MPLRDC | ||
| 005 | 20220104144133.0 | ||
| 008 | 210129b ||||| |||| 00| 0 eng d | ||
| 020 | _a957-459-233-2 | ||
| 082 | _a592.0953 WT | ||
| 100 | _a万彤、沈杰著 | ||
| 245 |
_a由诸葛亮兵法看神机妙算的智慧 _c |
||
| 250 | _a初版 | ||
| 260 |
_a _b广读书城 _c2001 |
||
| 300 | _b平 | ||
| 490 | _a谋略智典. 04 | ||
| 650 | _a兵法; 作战法 | ||
| 942 |
_cBK _o592.0953 WT |
||
| 999 |
_c46735 _d46725 |
||